OPAC Home

ස්ත්‍රී ශාංගාරය සහ ගැහැණු අනුරාගය - තනිතටුවෙන් පියාඹන්න චිත්‍රපටය පිළිබඳ විවරණයක් (Record no. 128254)

MARC details
000 -LEADER
fixed length control field 00816nam a2200217Ia 4500
003 - CONTROL NUMBER IDENTIFIER
control field LK-CoDNM
008 - FIXED-LENGTH DATA ELEMENTS--GENERAL INFORMATION
fixed length control field 010623t2008 xxu||||| |||| 00| 1 sin d
040 ## - CATALOGING SOURCE
Original cataloging agency LK-CoDNM
Modifying agency LK-CoDNM
Description conventions LK-CoDNM
041 ## - LANGUAGE CODE
Language code of text/sound track or separate title Sinhala; Sinhalese
080 ## - UNIVERSAL DECIMAL CLASSIFICATION NUMBER
Universal Decimal Classification number 792.072
Item number JAY
942 ## - ADDED ENTRY ELEMENTS (KOHA)
Koha item type Books
100 ## - MAIN ENTRY--PERSONAL NAME
Personal name Jayaratne, Priyantha
245 ## - TITLE STATEMENT
Title ස්ත්‍රී ශාංගාරය සහ ගැහැණු අනුරාගය - තනිතටුවෙන් පියාඹන්න චිත්‍රපටය පිළිබඳ විවරණයක්
246 ## - VARYING FORM OF TITLE
Title proper/short title Sthri srungaraya saha gehanu anuragaya : Thini thatuwen Piyabanna chithrapataya pilibanda vivaranayak
260 ## - PUBLICATION, DISTRIBUTION, ETC. (IMPRINT)
Name of publisher, distributor, etc. Sanhida publications
Place of publication, distribution, etc. Nugegoda
Date of publication, distribution, etc. 2008
300 ## - PHYSICAL DESCRIPTION
Other physical details 191, 24.5 cm
500 ## - GENERAL NOTE
General note No.III
650 ## - SUBJECT ADDED ENTRY--TOPICAL TERM
Topical term or geographic name as entry element Cinema
650 ## - SUBJECT ADDED ENTRY--TOPICAL TERM
Topical term or geographic name as entry element Dancing
650 ## - SUBJECT ADDED ENTRY--TOPICAL TERM
Topical term or geographic name as entry element Literature
Holdings
Withdrawn status Lost status Damaged status Not for loan Collection code Permanent Location Current Location Date acquired Full call number Barcode Koha item type
        Monographs Library National Museum Colombo - Sri Lanka Library National Museum Colombo - Sri Lanka 2023-08-02 792.072 JAY 09-150896-156 Books
Copyright © 2023 Department of National Museum, Colombo 07, Sri Lanka Funded by UNESCO IFAP UNESCO